Normal view
MARC view
- DR. RADHAKRISHNAN, P
Entry Personal Name
001 - CONTROL NUMBER
- control field: 63277
003 - CONTROL NUMBER IDENTIFIER
- control field: NUST
005 - DATE AND TIME OF LATEST TRANSACTION
- control field: 20210628203107.0
008 - FIXED-LENGTH DATA ELEMENTS
- fixed length control field: 210628|| aca||aabn | a|a d
040 ## - CATALOGING SOURCE
- Original cataloging agency: NUST
- Transcribing agency: NUST
100 ## - HEADING--PERSONAL NAME
- Personal name: DR. RADHAKRISHNAN, P
670 ## - SOURCE DATA FOUND
- Source citation: Work cat.: (NUST): DR. RADHAKRISHNAN, P, COMPUTER NUMERICAL CONTROL (CNC) MACHINES, 2007
